000 00436nam a2200193Ia 4500
001 14415
003 GE_BSU
008 181216s||||||||xx |||||||||||||| ||und||
020 _a0340163348
040 _cGE_BSU
080 _a613.89
245 _aPornography: The Longford Report
260 _aLondon
260 _bCoronet Books
260 _c1972
300 _a520p.18cm.
653 _aPornography: The Longford Report
942 _cBK
999 _c47551
_d47551